ہمارے جاں باز / (Record no. 108404)

MARC details
000 -LEADER
fixed length control field 00785nam a22002537a 4500
005 - DATE AND TIME OF LATEST TRANSACTION
control field 20170123162339.0
010 ## - LIBRARY OF CONGRESS CONTROL NUMBER
LC control number A-603658
020 ## - INTERNATIONAL STANDARD BOOK NUMBER
Terms of availability 13.00
035 ## - SYSTEM CONTROL NUMBER
System control number A-603658
037 ## - SOURCE OF ACQUISITION
Source of stock number/acquisition Cen Lib/Ret
040 ## - CATALOGING SOURCE
Original cataloging agency DPL
Language of cataloging UR
082 ## - DEWEY DECIMAL CLASSIFICATION NUMBER
Classification number 920
Item number پ ر ے
100 ## - MAIN ENTRY--PERSONAL NAME
Personal name پریم پال اشک
9 (RLIN) 506
245 ## - TITLE STATEMENT
Title ہمارے جاں باز /
Statement of responsibility, etc پریم پال اشک
246 ## - VARYING FORM OF TITLE
Title proper/short title Hamre jaan baz /
Remainder of title by Pem Pal Ashk
260 ## - PUBLICATION, DISTRIBUTION, ETC. (IMPRINT)
Name of publisher, distributor, etc ترقی اردو بیورو
Date of publication, distribution, etc 2000
Place of publication, distribution, etc نیی دہلی
270 ## - ADDRESS
City نیی دہلی
300 ## - PHYSICAL DESCRIPTION
Extent 166p.
Dimensions 21cm(Hb)
650 ## - SUBJECT ADDED ENTRY--TOPICAL TERM
Topical term or geographic name as entry element ادب -- اردو
9 (RLIN) 126411
650 ## - SUBJECT ADDED ENTRY--TOPICAL TERM
Topical term or geographic name as entry element اردو سوانے عمری
9 (RLIN) 126412
650 ## - SUBJECT ADDED ENTRY--TOPICAL TERM
Topical term or geographic name as entry element Literature -- Urdu
9 (RLIN) 126413
650 ## - SUBJECT ADDED ENTRY--TOPICAL TERM
Topical term or geographic name as entry element Urdu biography
9 (RLIN) 511
942 ## - ADDED ENTRY ELEMENTS (KOHA)
Source of classification or shelving scheme Dewey Decimal Classification
Koha item type Urdu Bks
Classification part 920
Call number suffix پ ر ے
Holdings
Withdrawn status Lost status Damaged status Not for loan Home library Current library Date acquired Source of acquisition Cost, normal purchase price Total Checkouts Full call number Barcode Date last seen Copy number Cost, replacement price Price effective from Koha item type
        Central Library Central Library 20/01/2016 Cen Lib/Ret 13.00   920 پ ر ے A-603658 20/01/2016 1 13.00 20/01/2016 Urdu Bks

© Delhi Public Library
Hit Counter
free hit counter